Đám trẻ ở đại dương đen

"Đám trẻ ở đại dương đen" là lời độc thoại và đối thoại của những đứa trẻ ở đại dương đen, nơi từng lớp sóng của nỗi buồn và tuyệt vọng không ngừng cuộn trào, lúc âm ỉ, khi dữ dội. Những đứa trẻ ấy phải vật lộn trong nhữ...

সম্পূর্ণ বিবরণ

সংরক্ষণ করুন:
গ্রন্থ-পঞ্জীর বিবরন
প্রধান লেখক: Châu sa đáy mắt
বিন্যাস: গ্রন্থ
ভাষা:Vietnamese
প্রকাশিত: H. Thế giới 2023
বিষয়গুলি:
ট্যাগগুলো: ট্যাগ যুক্ত করুন
কোনো ট্যাগ নেই, প্রথমজন হিসাবে ট্যাগ করুন!
Thư viện lưu trữ: Thư viện Trường Đại học Nam Cần Thơ
LEADER 01919nam a22002057a 4500
001 NCT_4_010874
008 240618b xxu||||| |||| 00| 0 vie d
999 |c 8494  |d 8494 
020 |a 9786043450675  |c 99000 
082 0 4 |2 23rd ed.  |a 895.922  |b Ch125 
100 0 |a Châu sa đáy mắt 
245 1 0 |a Đám trẻ ở đại dương đen  |c Châu sa đáy mắt 
260 |a H.  |b Thế giới  |c 2023 
300 |a 278 tr.  |b Minh họa  |c 19cm 
520 3 |a "Đám trẻ ở đại dương đen" là lời độc thoại và đối thoại của những đứa trẻ ở đại dương đen, nơi từng lớp sóng của nỗi buồn và tuyệt vọng không ngừng cuộn trào, lúc âm ỉ, khi dữ dội. Những đứa trẻ ấy phải vật lộn trong những góc tối tâm lý, với sự u uất đè nén từ tổn thương khi không được sinh ra trong một gia đình toàn vẹn, ấm êm, khi phải mang trên đôi vai non dại những gánh nặng không tưởng. Song song đó cũng là quá trình tự chữa lành vô cùng khó khăn của đám trẻ, cố gắng vươn mình ra khỏi đại dương đen, tìm cho mình một ánh sáng. Và chính những sự nỗ lực xoa dịu chính mình đó đã hóa thành những câu từ trong cuốn sách này, bất kể đau đớn thế nào. 
653 |a Tham khảo 
942 |2 ddc  |c BK 
952 |0 0  |1 0  |2 ddc  |4 0  |6 895_922000000000000_CH125  |7 0  |9 29182  |a 000001  |b 000001  |d 2024-06-18  |o 895.922 Ch125  |p TK.04340  |r 2024-06-18  |v 99000.00  |w 2024-06-18  |y BK 
952 |0 0  |1 0  |2 ddc  |4 0  |6 895_922000000000000_CH125  |7 0  |9 29539  |a 000001  |b 000001  |d 2024-09-27  |o 895.922 Ch125  |p TK.04674  |r 2024-09-27  |v 99000.00  |w 2024-09-27  |y BK 
980 |a Thư viện Trường Đại học Nam Cần Thơ